000 01554nam a2200349 a 4500
001 ebr10231120
003 CaPaEBR
006 m u
007 cr cn|||||||||
008 750730s1957 mnua sb 101 0 eng d
020 _z9780816604180
020 _z9780816662814
040 _aCaPaEBR
_cCaPaEBR
035 _a(OCoLC)233574395
050 1 4 _aBF713
_b.H37 1957eb
100 1 _aHarris, Dale B.
245 1 4 _aThe concept of development
_h[electronic resource] :
_ban issue in the study of human behavior /
_cedited by Dale B. Harris.
260 _aMinneapolis :
_bUniversity of Minnesota Press,
_cc1957
_g(1967 printing)
300 _ax, 287 p. :
_bill.
490 1 _aMinnesota paperbacks ;
_v7
500 _aPapers presented at a conference held at the University of Minnesota, Dec. 8-10, 1955, to recognize the Institute of Child Welfare's productive work of three decades.
504 _aIncludes bibliographical references and index.
533 _aElectronic reproduction.
_bPalo Alto, Calif. :
_cebrary,
_d2013.
_nAvailable via World Wide Web.
_nAccess may be limited to ebrary affiliated libraries.
650 0 _aDevelopmental psychology.
650 0 _aHuman growth.
650 0 _aHuman behavior.
655 7 _aElectronic books.
_2local
710 2 _aUniversity of Minnesota.
_bInstitute of Child Development and Welfare.
710 2 _aebrary, Inc.
830 0 _aMinnesota paperbacks ;
_v7.
856 4 0 _uhttp://site.ebrary.com/lib/rucke/Doc?id=10231120
_zAn electronic book accessible through the World Wide Web; click to view
999 _c39519
_d39519